000 00418nam a22001457a 4500
008 250703b |||||||| |||| 00| 0 eng d
020 _a9788195352593
050 _aQP 171
_b.B35
100 _aba-wan Waheed Khawar
245 _aBioinformatics and the cell and Molecular Biology
260 _aDelhi (India)
_bAmiga Press Inc
_c2022
300 _a329p.
650 _aScience/ Life Science/ Biochemistry
942 _cBK
999 _c4105
_d4105